Fr. Conceicao Rodrigues College of Engineering

The Intel 8085/ A Family Data Manual (Record no. 28707)

MARC details
000 -LEADER
fixed length control field 00316nam a2200145Ia 4500
082 ## - DEWEY DECIMAL CLASSIFICATION NUMBER
Classification number 4.16
Item number CEDT
100 ## - MAIN ENTRY--PERSONAL NAME
Personal name CEDT
245 ## - TITLE STATEMENT
Title The Intel 8085/ A Family Data Manual
260 ## - PUBLICATION, DISTRIBUTION, ETC.
Name of publisher, distributor, etc. Indian institute of Science
300 ## - PHYSICAL DESCRIPTION
Extent 239
546 ## - LANGUAGE NOTE
Language note ENGLISH
654 ## - SUBJECT ADDED ENTRY--FACETED TOPICAL TERMS
Focus term The intel 8085
942 ## - ADDED ENTRY ELEMENTS (KOHA)
Koha item type BOOK
Holdings
Withdrawn status Lost status Damaged status Not for loan Collection Home library Current library Date acquired Total Checkouts Full call number Barcode Date last seen Price effective from Koha item type
        CRC Fr. Agnel's C.Rodrigues College of Engineering Fr. Agnel's C.Rodrigues College of Engineering 17/03/2023   4.16 CEDT 11636 17/03/2023 17/03/2023 BOOK